00612nam a2200193Ia 4500003000900000008004100009020001800050040001600068080001700084100002700101245005900128260004400187300001700231650002200248650003000270942000700300999001700307952009400324IN-BaIIA211028s9999 xx 000 0 eng d a88-7830-371-2 cIIA Library a524.834bLOI aLoinger, Angelo926821 0aOn Black holes and gravitational wavescAngelo Loinger aViale GolgibLa Goliardica Pavesec2002 axxiii, 129p. aBlack holes97728 aGravitational waves93825 cBK c14870d14870 00104070aBANbBANcGENd2002-12-26l0o524.834/ LOIp15792r2021-11-05w2002-12-26yBK